00393nam a2200133Ia 4500008004100000020001800041040001300059082001400072100001900086245007600105260004800181300001600229650001400245191130s1989##################000#0#eng## a9780521521963 aACLcACL a338.9 KUZ aKuznets, Simon aEconomic development, the family and income distributioncSimon Kuznets aCambridgebCambridge University Pressc1989 a463 p.23 cm aEconomics